000 00550aam a2200217 4500
005 20250519140504.0
008 150619b xxu||||| |||| 00| 0 spa d
020 _a9788497638005
041 _aESP
082 _a891.63 D754a
100 _aDoyle, Arthur Conan
_911713
245 _aEl archivo de Sherlock Holmes
260 _aEspaña
260 _bEdiciones Nowtilus
260 _c2010
300 _a266 páginas
440 _aAventuras de Sherlock Holmes
650 _aLITERATURA ESCOCESA
650 _aNOVELA ESCOCESA
942 _cLIT
_2ddc
999 _c2966
_d2966